[Event "4th GRENKE Open 2019"]
[Site "Karlsruhe"]
[Date "2019.04.20"]
[Round "4.21"]
[White "Annaberdiev, Meilis"]
[Black "Kopylov, Michael"]
[Result "1-0"]
[WhiteElo "2525"]
[BlackElo "2414"]
[Annotator "TA"]
[PlyCount "67"]
[EventDate "2019.04.18"]
[EventType "swiss"]
[EventCountry "GER"]
[SourceTitle "playchess.com"]
[Source "ChessBase"]
[SourceQuality "1"]

1. d4 Nf6 2. Bf4 g6 3. Nc3 Bg7 4. e4 d6 5. Qd2 O-O 6. O-O-O Nc6 7. Bh6 e5 8. Bxg7 Kxg7 9. d5 Nd4 10. Nge2 Nxe2+ 11. Bxe2 Bd7 12. Qe3 Qe7 13. h3 c6 14. dxc6 Bxc6 15. Rd2 a6 16. Rhd1 Rfd8 17. Bc4 Rac8 18. Bd5 Qc7 19. Qe2 Kf8 20. Bxc6 Qxc6 21. Qf3 Kg7 22. g4 Qc5 23. Kb1 Rc6 24. g5 Nh5 25. Nd5 Qc4 26. h4 a5 27. Rh1 b5 28. Nf6 Nf4 29. h5 h6 30. hxg6 fxg6 31. Rxh6 Qf1+ 32. Rd1 Qc4 33. c3 b4 34. Rdh1 1-0

[Event "4th GRENKE Open 2019"]
[Site "Karlsruhe"]
[Date "2019.04.20"]
[Round "4.22"]
[White "Dann, Matthias"]
[Black "Ahlander, Bjorn"]
[Result "1-0"]
[WhiteElo "2520"]
[BlackElo "2410"]
[Annotator "TA"]
[PlyCount "87"]
[EventDate "2019.04.18"]
[EventType "swiss"]
[EventCountry "GER"]
[SourceTitle "playchess.com"]
[Source "ChessBase"]
[SourceQuality "1"]

1. e4 c5 2. Nf3 d6 3. d4 cxd4 4. Nxd4 Nf6 5. Nc3 a6 6. h3 g6 7. g4 Bg7 8. Bg2 O-O 9. O-O Nc6 10. Be3 Bd7 11. Nde2 Ne5 12. g5 Nh5 13. Bd4 f6 14. gxf6 Nxf6 15. f4 Nc6 16. Be3 Kh8 17. Qd2 Rc8 18. Rad1 b5 19. Nd5 Nxd5 20. exd5 Na5 21. b3 Nb7 22. Bd4 Qe8 23. Bxg7+ Kxg7 24. Nd4 Nd8 25. Rde1 Bf5 26. Re3 Qd7 27. Rfe1 Rf7 28. c3 Rc7 29. Ne6+ Kg8 30. Nxc7 Qxc7 31. Qd4 Bc8 32. Kh2 Bf5 33. a4 bxa4 34. Qxa4 Kf8 35. Qxa6 Bc2 36. b4 Bb3 37. Qd3 Kg8 38. Qd4 Bc2 39. c4 Bf5 40. c5 Qa7 41. Ra1 dxc5 42. bxc5 Qb8 43. Rae1 Bd7 44. Rxe7 1-0

[Event "4th GRENKE Open 2019"]
[Site "Karlsruhe"]
[Date "2019.04.20"]
[Round "4.24"]
[White "D`Costa, Lorin"]
[Black "Bacrot, Etienne"]
[Result "1/2-1/2"]
[WhiteElo "2390"]
[BlackElo "2683"]
[Annotator "TA"]
[PlyCount "70"]
[EventDate "2019.04.18"]
[EventType "swiss"]
[EventCountry "GER"]
[SourceTitle "playchess.com"]
[Source "ChessBase"]
[SourceQuality "1"]

1. Nf3 c5 2. c4 Nc6 3. Nc3 e5 4. g3 g6 5. Bg2 Bg7 6. O-O Nge7 7. Ne1 d6 8. Nc2 O-O 9. a3 Be6 10. Ne3 Qd7 11. Rb1 Bh3 12. b4 Bxg2 13. Kxg2 f5 14. Ned5 Nxd5 15. Nxd5 Rae8 16. d3 Ne7 17. e4 Nxd5 18. cxd5 cxb4 19. Rxb4 f4 20. f3 Rc8 21. Qb3 Rc7 22. Bd2 h5 23. Rc4 g5 24. Ba5 Rcc8 25. Bb4 g4 26. Qd1 Bh6 27. Rxc8 Rxc8 28. d4 exd4 29. fxg4 Rc1 30. Qxd4 Rxf1 31. Kxf1 Qxg4 32. Bxd6 Qf3+ 33. Qf2 Qh1+ 34. Qg1 Qf3+ 35. Qf2 Qh1+ 1/2-1/2

[Event "4th GRENKE Open 2019"]
[Site "Karlsruhe"]
[Date "2019.04.20"]
[Round "4.25"]
[White "Ashwath, R.."]
[Black "Sarana, Alexey"]
[Result "0-1"]
[WhiteElo "2388"]
[BlackElo "2630"]
[Annotator "TA"]
[PlyCount "50"]
[EventDate "2019.04.18"]
[EventType "swiss"]
[EventCountry "GER"]
[SourceTitle "playchess.com"]
[Source "ChessBase"]
[SourceQuality "1"]

1. d4 Nf6 2. c4 g6 3. Nc3 d5 4. e3 Bg7 5. cxd5 Nxd5 6. Nxd5 Qxd5 7. Ne2 O-O 8. Nc3 Qd6 9. Be2 c5 10. Ne4 Qc7 11. Nxc5 e5 12. O-O Rd8 13. Nb3 Nc6 14. Qc2 Be6 15. Bd2 exd4 16. Nxd4 Nxd4 17. Qxc7 Nxe2+ 18. Kh1 Rxd2 19. Qxb7 Rad8 20. Qxa7 Bxb2 21. Rae1 Nc3 22. e4 Bc4 23. Rg1 Nd1 24. Rxd1 Rxd1 25. h3 Be5 0-1

[Event "4th GRENKE Open 2019"]
[Site "Karlsruhe"]
[Date "2019.04.20"]
[Round "4.26"]
[White "Predojevic, Borki"]
[Black "Hedman, Erik"]
[Result "1-0"]
[WhiteElo "2621"]
[BlackElo "2385"]
[Annotator "TA"]
[PlyCount "81"]
[EventDate "2019.04.18"]
[EventType "swiss"]
[EventCountry "GER"]
[SourceTitle "playchess.com"]
[Source "ChessBase"]
[SourceQuality "1"]

1. Nf3 Nf6 2. c4 e6 3. Nc3 d5 4. e3 c5 5. cxd5 exd5 6. d4 Nc6 7. Bb5 cxd4 8. Nxd4 Bd7 9. O-O Bd6 10. Be2 Be6 11. b3 O-O 12. Bb2 Rc8 13. Rc1 Qe7 14. Ncb5 Bc5 15. Nxc6 Rxc6 16. Bf3 a6 17. Nd4 Rc7 18. Ne2 Bd6 19. Rxc7 Bxc7 20. Qd4 Rd8 21. Rc1 Bf5 22. Qh4 Be5 23. Bxe5 Qxe5 24. Qb4 g5 25. Nd4 Rc8 26. Rxc8+ Bxc8 27. Qc5 Bd7 28. Qb6 Kg7 29. Qxb7 Qd6 30. b4 a5 31. a3 h5 32. Be2 axb4 33. Qxb4 Qc7 34. Qb2 h4 35. h3 Qa5 36. Qb4 Qc7 37. Qb2 Qa5 38. Qa1 Kg6 39. Nf3 Bf5 40. Ne5+ Kg7 41. Bg4 1-0

[Event "4th GRENKE Open 2019"]
[Site "Karlsruhe"]
[Date "2019.04.20"]
[Round "4.27"]
[White "Haast, Mark"]
[Black "Banusz, Tamas"]
[Result "1/2-1/2"]
[WhiteElo "2381"]
[BlackElo "2614"]
[Annotator "TA"]
[PlyCount "36"]
[EventDate "2019.04.18"]
[EventType "swiss"]
[EventCountry "GER"]
[SourceTitle "playchess.com"]
[Source "ChessBase"]
[SourceQuality "1"]

1. c4 e5 2. g3 Nf6 3. Bg2 d5 4. cxd5 Nxd5 5. Nf3 Nc6 6. O-O Be7 7. d4 e4 8. Ne5 f5 9. Nxc6 bxc6 10. Qc2 Qd6 11. Nc3 Be6 12. Nxd5 Bxd5 13. Bf4 Qd7 14. f3 Bf6 15. fxe4 Bxe4 16. Bxe4 Qxd4+ 17. e3 Qxe4 18. Rac1 Qxc2 1/2-1/2

[Event "4th GRENKE Open 2019"]
[Site "Karlsruhe"]
[Date "2019.04.20"]
[Round "4.28"]
[White "Bosiocic, Marin"]
[Black "Gschnitzer, Adrian"]
[Result "1/2-1/2"]
[WhiteElo "2613"]
[BlackElo "2380"]
[Annotator "TA"]
[PlyCount "124"]
[EventDate "2019.04.18"]
[EventType "swiss"]
[EventCountry "GER"]
[SourceTitle "playchess.com"]
[Source "ChessBase"]
[SourceQuality "1"]

1. d4 Nf6 2. Nf3 c5 3. d5 g6 4. Nc3 Bg7 5. e4 d6 6. Bb5+ Nfd7 7. a4 Na6 8. O-O Nc7 9. Bc4 O-O 10. Re1 Nb6 11. Bf1 Bd7 12. a5 Nc8 13. h3 Rb8 14. e5 b5 15. axb6 axb6 16. Bf4 b5 17. Qd2 b4 18. Ne4 Bb5 19. Rad1 Bxf1 20. Kxf1 Ra8 21. c4 bxc3 22. Nxc3 Nb6 23. Re4 f5 24. Ree1 Qd7 25. Qe2 Na4 26. Rd2 Rfb8 27. Bh2 Rb4 28. Ng5 h6 29. e6 Qc8 30. Nf7 Nxc3 31. bxc3 Re4 32. Qd3 Rxe1+ 33. Kxe1 Nxe6 34. Nxd6 exd6 35. dxe6 Qxe6+ 36. Kf1 Ra1+ 37. Rd1 c4 38. Qf3 Rxd1+ 39. Qxd1 d5 40. Qd2 Qe4 41. f3 Qd3+ 42. Qxd3 cxd3 43. Bf4 g5 44. Bd2 f4 45. Ke1 Bf8 46. h4 Kf7 47. hxg5 hxg5 48. Bc1 Bc5 49. Bb2 Be3 50. Ba3 Kf6 51. Bd6 g4 52. Bc7 g3 53. Kd1 Ke6 54. Bb8 Kd7 55. Be5 Kc6 56. Bf6 Kb5 57. Bg7 Kc4 58. Be5 d2 59. Kc2 d1=Q+ 60. Kxd1 Kd3 61. Bf6 Bb6 62. Be5 Be3 1/2-1/2

[Event "4th GRENKE Open 2019"]
[Site "Karlsruhe"]
[Date "2019.04.20"]
[Round "4.29"]
[White "Van Wely, Loek"]
[Black "Ambartsumova, Karina"]
[Result "*"]
[WhiteElo "2612"]
[BlackElo "2377"]
[Annotator "TA"]
[PlyCount "81"]
[EventDate "2019.04.18"]
[EventType "swiss"]
[EventCountry "GER"]
[SourceTitle "playchess.com"]
[Source "ChessBase"]
[SourceQuality "1"]

1. c4 e6 2. Nc3 d5 3. d4 Nf6 4. cxd5 exd5 5. Bg5 c6 6. e3 Be7 7. Qc2 Nbd7 8. Bd3 h6 9. Bh4 Nh5 10. Bxe7 Qxe7 11. O-O-O Nb6 12. Kb1 Be6 13. Rc1 Nf6 14. Nf3 Nc4 15. Bxc4 dxc4 16. Ne5 Nd7 17. f4 O-O 18. Rhg1 Nxe5 19. dxe5 b5 20. g4 Rad8 21. g5 h5 22. f5 Bc8 23. e6 fxe6 24. f6 Qc5 25. Rcf1 Rd3 26. Ne2 e5 27. Nc1 e4 28. Nxd3 exd3 29. Qf2 Be6 30. e4 Qxf2 31. Rxf2 g6 32. Kc1 Kf7 33. Kd2 Rd8 34. Ke3 a5 35. Rc1 c5 36. b3 Rd4 37. a3 Kf8 38. b4 Rd8 39. bxc5 b4 40. axb4 axb4 41. Rd2 *

[Event "4th GRENKE Open 2019"]
[Site "Karlsruhe"]
[Date "2019.04.20"]
[Round "4.30"]
[White "Ter-Sahakyan, Samvel"]
[Black "Lagunow, Alexander"]
[Result "1-0"]
[WhiteElo "2601"]
[BlackElo "2371"]
[Annotator "TA"]
[PlyCount "67"]
[EventDate "2019.04.18"]
[EventType "swiss"]
[EventCountry "GER"]
[SourceTitle "playchess.com"]
[Source "ChessBase"]
[SourceQuality "1"]

1. e4 c5 2. Nf3 Nc6 3. d4 cxd4 4. Nxd4 Nf6 5. Nc3 d6 6. Bg5 e6 7. Qd2 a6 8. O-O-O h6 9. Be3 Bd7 10. f3 b5 11. Nxc6 Bxc6 12. g4 d5 13. e5 Nd7 14. Bd4 Qg5 15. f4 Qxg4 16. h4 b4 17. Ne2 Nc5 18. Qe3 Ne4 19. Bh3 Qg6 20. f5 exf5 21. Rhg1 Qh7 22. Rdf1 Bd7 23. Nf4 Be6 24. Rg6 fxg6 25. Nxe6 Kf7 26. Nc7 Rd8 27. h5 Be7 28. hxg6+ Qxg6 29. Bxf5 Qg2 30. Be6+ Kg6 31. Rg1 Qg5 32. Kd1 Rhf8 33. Rxg5+ Bxg5 34. Qd3 1-0

[Event "4th GRENKE Open 2019"]
[Site "Karlsruhe"]
[Date "2019.04.20"]
[Round "4.31"]
[White "Lye, Lik Zang"]
[Black "Moussard, Jules"]
[Result "0-1"]
[WhiteElo "2377"]
[BlackElo "2598"]
[Annotator "TA"]
[PlyCount "89"]
[EventDate "2019.04.18"]
[EventType "swiss"]
[EventCountry "GER"]
[SourceTitle "playchess.com"]
[Source "ChessBase"]
[SourceQuality "1"]

1. d4 Nf6 2. Nf3 g6 3. g3 Bg7 4. Bg2 O-O 5. O-O d6 6. b3 c5 7. c4 d5 8. cxd5 Nxd5 9. Bb2 Nc6 10. Qd2 Ndb4 11. Rd1 Nxd4 12. Nxd4 Bxd4 13. Bxd4 Qxd4 14. Qxd4 cxd4 15. a3 Nc6 16. Bxc6 bxc6 17. Rxd4 c5 18. Rc4 Ba6 19. Rxc5 Rfc8 20. Rxc8+ Rxc8 21. Nd2 Rc2 22. Nc4 Rxe2 23. Rd1 Kg7 24. Rd7 Bc8 25. Rxa7 Bh3 26. f3 Rg2+ 27. Kf1 Rxg3+ 28. Kf2 Rg2+ 29. Ke3 Rxh2 30. b4 Rc2 31. Kd4 Be6 32. Ne3 Rd2+ 33. Kc3 Re2 34. Kd3 Rb2 35. Nd1 Rb3+ 36. Kd4 h5 37. Kc5 h4 38. b5 h3 39. b6 h2 40. Nf2 Rxf3 41. Nh1 Rf1 42. Ng3 Rg1 43. b7 Rxg3 44. b8=Q Rg5+ 45. Kd4 0-1

[Event "4th GRENKE Open 2019"]
[Site "Karlsruhe"]
[Date "2019.04.20"]
[Round "4.32"]
[White "Kozul, Zdenko"]
[Black "Farago, Ivan"]
[Result "1/2-1/2"]
[WhiteElo "2589"]
[BlackElo "2367"]
[Annotator "TA"]
[PlyCount "84"]
[EventDate "2019.04.18"]
[EventType "swiss"]
[EventCountry "GER"]
[SourceTitle "playchess.com"]
[Source "ChessBase"]
[SourceQuality "1"]

1. d4 Nf6 2. c4 e6 3. g3 d5 4. Bg2 dxc4 5. Nf3 Nc6 6. O-O Rb8 7. Be3 Be7 8. Qc1 b5 9. b3 O-O 10. bxc4 bxc4 11. Qxc4 Nb4 12. Qc1 Ba6 13. Re1 c5 14. dxc5 Qa5 15. Nd4 Bxc5 16. a3 Bxd4 17. Bxd4 Nc2 18. Bc3 Rxb1 19. Qxc2 Rxe1+ 20. Rxe1 Qxa3 21. Ra1 Qd6 22. Qa4 Bxe2 23. Bb4 Qd4 24. Bxf8 Qxa4 25. Rxa4 Kxf8 26. Rxa7 g6 27. Bc6 Bc4 28. f3 Bd5 29. Bxd5 Nxd5 30. Kf2 Kg7 31. Ke2 g5 32. Kd3 h6 33. Kd4 Kg6 34. Ke5 Ne3 35. Rc7 Nf1 36. Rc2 Ne3 37. Rc1 Kg7 38. h3 Nf5 39. Rg1 Ne7 40. Ke4 Kf6 41. f4 Kg6 42. Ra1 Kf6 1/2-1/2

[Event "4th GRENKE Open 2019"]
[Site "Karlsruhe"]
[Date "2019.04.20"]
[Round "4.33"]
[White "Soham Das"]
[Black "Bernadskiy, Vitaliy"]
[Result "1/2-1/2"]
[WhiteElo "2367"]
[BlackElo "2587"]
[Annotator "TA"]
[PlyCount "50"]
[EventDate "2019.04.18"]
[EventType "swiss"]
[EventCountry "GER"]
[SourceTitle "playchess.com"]
[Source "ChessBase"]
[SourceQuality "1"]

1. e4 Nf6 2. e5 Nd5 3. d4 d6 4. c4 Nb6 5. exd6 exd6 6. Nc3 Nc6 7. d5 Ne5 8. f4 Ng4 9. Be2 Qe7 10. Nf3 Ne3 11. Bxe3 Qxe3 12. Nb5 Rb8 13. Nxc7+ Kd8 14. Nb5 Nxc4 15. Qc2 a6 16. Qxc4 axb5 17. Qxb5 Be7 18. Qa5+ b6 19. Qd2 Qxd2+ 20. Kxd2 Bb7 21. Bc4 Bf6 22. Rab1 Rc8 23. Rhc1 Re8 24. Kd3 Rc7 25. b3 Rce7 1/2-1/2

[Event "4th GRENKE Open 2019"]
[Site "Karlsruhe"]
[Date "2019.04.20"]
[Round "4.34"]
[White "Goganov, Aleksey"]
[Black "Coenen, Michael"]
[Result "1-0"]
[WhiteElo "2580"]
[BlackElo "2357"]
[Annotator "TA"]
[PlyCount "61"]
[EventDate "2019.04.18"]
[EventType "swiss"]
[EventCountry "GER"]
[SourceTitle "playchess.com"]
[Source "ChessBase"]
[SourceQuality "1"]

1. d4 Nf6 2. c4 g6 3. Nc3 d5 4. Bg5 Ne4 5. Bh4 Nxc3 6. bxc3 dxc4 7. e3 Be6 8. Nf3 c5 9. Be2 cxd4 10. Nxd4 Bd5 11. O-O Bg7 12. Qc2 Nc6 13. Rab1 Qd7 14. e4 Nxd4 15. cxd4 Bc6 16. d5 Bb5 17. Bxc4 Bxc4 18. Qxc4 b6 19. Rbc1 Be5 20. f4 Bd6 21. e5 Bc5+ 22. Kh1 O-O 23. f5 Rac8 24. Qe4 Ba3 25. Rcd1 Qb5 26. Qe3 Qb2 27. Qh6 Rfd8 28. fxg6 fxg6 29. Rf7 Kxf7 30. Qxh7+ Ke8 31. e6 1-0

[Event "4th GRENKE Open 2019"]
[Site "Karlsruhe"]
[Date "2019.04.20"]
[Round "4.35"]
[White "Shvayger, Yuliya"]
[Black "Wagner, Dennis"]
[Result "1/2-1/2"]
[WhiteElo "2366"]
[BlackElo "2577"]
[Annotator "TA"]
[PlyCount "91"]
[EventDate "2019.04.18"]
[EventType "swiss"]
[EventCountry "GER"]
[SourceTitle "playchess.com"]
[Source "ChessBase"]
[SourceQuality "1"]

1. e4 c5 2. Nf3 e6 3. d4 cxd4 4. Nxd4 Nc6 5. Nc3 Qc7 6. a3 a6 7. Be3 b5 8. Nxc6 Qxc6 9. Bd3 Bb7 10. O-O Nf6 11. Qe2 h5 12. f3 Bd6 13. Bd4 e5 14. Be3 Bc5 15. Qf2 Rc8 16. Bxc5 Qxc5 17. Qxc5 Rxc5 18. a4 b4 19. Na2 a5 20. Nc1 Rc8 21. Nb3 Ra8 22. Rfc1 O-O 23. c3 bxc3 24. Rxc3 d5 25. exd5 Bxd5 26. Re1 Rfb8 27. Bc2 g6 28. Rxe5 Rb4 29. Nc5 Rxb2 30. Nd3 Ra2 31. Nf4 Rd8 32. h4 Kg7 33. Rc7 Ne8 34. Rc3 Nf6 35. Kh2 Rd7 36. Kg3 Rb2 37. Bd3 Rd2 38. Bb5 Rd6 39. Rc7 Bb3 40. Rc3 Bd1 41. Rc7 Nd5 42. Nxd5 R2xd5 43. Rxd5 Rxd5 44. Ra7 Bb3 45. Rxa5 Bxa4 46. Rxa4 1/2-1/2

[Event "4th GRENKE Open 2019"]
[Site "Karlsruhe"]
[Date "2019.04.20"]
[Round "4.36"]
[White "Kollars, Dmitrij"]
[Black "Podat, Vladimir"]
[Result "*"]
[WhiteElo "2570"]
[BlackElo "2345"]
[Annotator "TA"]
[PlyCount "93"]
[EventDate "2019.04.18"]
[EventType "swiss"]
[EventCountry "GER"]
[SourceTitle "playchess.com"]
[Source "ChessBase"]
[SourceQuality "1"]

1. e4 c5 2. Nf3 Nc6 3. Bb5 g6 4. Bxc6 dxc6 5. d3 Bg7 6. h3 Nf6 7. Nc3 Nd7 8. Be3 b6 9. Qd2 h6 10. O-O e5 11. a4 a5 12. Nh2 Nf8 13. f4 exf4 14. Bxf4 Ne6 15. Be3 Nd4 16. Rf2 Be6 17. Raf1 Qd7 18. Ng4 f5 19. exf5 gxf5 20. Nh2 O-O-O 21. Bf4 Bf6 22. Nf3 Qg7 23. Ne2 Nxf3+ 24. Rxf3 Kb7 25. b3 Rde8 26. Kh2 Bd5 27. Rg3 Qe7 28. Re3 Qg7 29. Rg3 Qe7 30. Nc3 Be6 31. Nd1 h5 32. Ne3 Rhg8 33. Nc4 Ka6 34. Nd6 Rd8 35. Rxg8 Rxg8 36. Qe2 Bd5 37. Rf2 Qxe2 38. Rxe2 Bc3 39. Ne8 Kb7 40. Nc7 Rg7 41. Nxd5 cxd5 42. Re6 h4 43. Kg1 Rd7 44. Bg5 Bd4+ 45. Kf1 c4 46. Re7 Rxe7 47. Bxe7 *

[Event "4th GRENKE Open 2019"]
[Site "Karlsruhe"]
[Date "2019.04.20"]
[Round "4.37"]
[White "Neiksans, Arturs"]
[Black "Loos, Roland"]
[Result "1-0"]
[WhiteElo "2559"]
[BlackElo "2328"]
[Annotator "TA"]
[PlyCount "78"]
[EventDate "2019.04.18"]
[EventType "swiss"]
[EventCountry "GER"]
[SourceTitle "playchess.com"]
[Source "ChessBase"]
[SourceQuality "1"]

1. Nf3 d5 2. g3 Nc6 3. d4 Nf6 4. Bg2 Bf5 5. c4 e6 6. O-O Be7 7. Nc3 Ne4 8. cxd5 exd5 9. Qb3 Nxc3 10. Qxc3 O-O 11. Bf4 Re8 12. a3 Bd6 13. Bxd6 Qxd6 14. e3 a5 15. Nd2 a4 16. Rfc1 Red8 17. Qc5 Qd7 18. b4 axb3 19. Nxb3 Bh3 20. Bh1 h5 21. a4 Ra7 22. Qc3 Qf5 23. a5 Rd6 24. Qc2 Qg5 25. Qc5 h4 26. Nd2 Qf5 27. Nf3 hxg3 28. hxg3 Qh5 29. Ne5 Nxe5 30. dxe5 Rh6 31. Qxd5 c6 32. Qd8+ Kh7 33. Ra4 Qxe5 34. Qd4 Rxa5 35. Rb4 Qxd4 36. exd4 Bc8 37. d5 c5 38. Re4 Rd6 39. Re7 Kg6 1-0

[Event "4th GRENKE Open 2019"]
[Site "Karlsruhe"]
[Date "2019.04.20"]
[Round "4.38"]
[White "Nothnagel, Marian Can"]
[Black "Werle, Jan"]
[Result "1-0"]
[WhiteElo "2363"]
[BlackElo "2556"]
[Annotator "RC"]
[PlyCount "173"]
[EventDate "2019.04.18"]
[EventType "swiss"]
[EventCountry "GER"]
[SourceTitle "playchess.com"]
[Source "ChessBase"]
[SourceQuality "1"]

1. e4 e6 2. d4 d5 3. Nc3 Nf6 4. Bg5 Bb4 5. exd5 Qxd5 6. Bxf6 gxf6 7. Qd2 Bxc3 8. bxc3 Rg8 9. c4 Qg5 10. Nf3 Qxd2+ 11. Kxd2 b6 12. Ke3 Bb7 13. Bd3 h6 14. Rhg1 Nc6 15. c3 O-O-O 16. Rad1 Na5 17. Nd2 f5 18. Nb3 Nc6 19. f3 Ne7 20. Nc1 Ba6 21. Rdf1 Rg7 22. a4 Rdg8 23. g3 Nc6 24. Nb3 h5 25. a5 h4 26. Ra1 Bb7 27. Kf2 hxg3+ 28. hxg3 Rh7 29. Rh1 Rgh8 30. Rxh7 Rxh7 31. Kg2 Ne7 32. axb6 axb6 33. Re1 Kd7 34. Nc1 Rh8 35. Re2 Ng8 36. d5 Ne7 37. dxe6+ fxe6 38. c5 Ra8 39. cxb6 cxb6 40. Rb2 Nd5 41. Rd2 Ke7 42. c4 Nf6 43. Ne2 Nd7 44. Nf4 Ne5 45. Be2 Ra4 46. Rb2 Nxc4 47. Bxc4 Rxc4 48. Rxb6 Bc6 49. Rb3 Rc2+ 50. Kg1 Kf6 51. Re3 e5 52. Nd3 e4 53. Nb4 Rc1+ 54. Kf2 Bb7 55. fxe4 fxe4 56. Na2 Rc2+ 57. Re2 Rc4 58. Ke3 Rc8 59. Kf4 Ke6 60. Rb2 Rf8+ 61. Ke3 Rf3+ 62. Kd4 Rd3+ 63. Kc5 Bc8 64. Nb4 Rxg3 65. Kd4 Bb7 66. Rh2 Rg7 67. Rh5 Rd7+ 68. Ke3 Kd6 69. Nc2 Rc7 70. Rh6+ Kc5 71. Nd4 Rd7 72. Ne6+ Kc4 73. Nf4 Rg7 74. Ne2 Rd7 75. Nf4 Rd1 76. Rb6 Rd7 77. Rb1 Rg7 78. Rc1+ Kb5 79. Ne2 Rh7 80. Nf4 Bc6 81. Rb1+ Kc5 82. Rc1+ Kd6 83. Kd4 Ra7 84. Ke3 Ra3+ 85. Kd4 Rf3 86. Rxc6+ Kxc6 87. Kxe4 1-0

[Event "4th GRENKE Open 2019"]
[Site "Karlsruhe"]
[Date "2019.04.20"]
[Round "4.39"]
[White "Admiraal, Miguoel"]
[Black "Schnepp, Gunnar"]
[Result "1/2-1/2"]
[WhiteElo "2516"]
[BlackElo "2323"]
[Annotator "TA"]
[PlyCount "62"]
[EventDate "2019.04.18"]
[EventType "swiss"]
[EventCountry "GER"]
[SourceTitle "playchess.com"]
[Source "ChessBase"]
[SourceQuality "1"]

1. e4 d5 2. exd5 Nf6 3. Bb5+ Bd7 4. Be2 Nxd5 5. d4 g6 6. Nf3 Bg7 7. c4 Nb6 8. Nc3 O-O 9. h3 Nc6 10. Be3 e5 11. d5 Ne7 12. c5 e4 13. Nxe4 Nbxd5 14. Bd4 Nf4 15. Bxg7 Kxg7 16. Qd2 Nxg2+ 17. Kf1 Bc6 18. Qc3+ f6 19. Rd1 Nd5 20. Qc1 Ngf4 21. Nd4 Qe8 22. Bf3 Bd7 23. h4 Qc8 24. Ng3 Bg4 25. Bxd5 Nxd5 26. Re1 Qd7 27. f3 Bh3+ 28. Kf2 Rae8 29. Rxh3 Qxh3 30. Ndf5+ gxf5 31. Rh1 Qxh1 1/2-1/2

[Event "4th GRENKE Open 2019"]
[Site "Karlsruhe"]
[Date "2019.04.20"]
[Round "4.40"]
[White "Studer, Noel"]
[Black "Sorensen, Hampus"]
[Result "1-0"]
[WhiteElo "2514"]
[BlackElo "2319"]
[Annotator "TA"]
[PlyCount "69"]
[EventDate "2019.04.18"]
[EventType "swiss"]
[EventCountry "GER"]
[SourceTitle "playchess.com"]
[Source "ChessBase"]
[SourceQuality "1"]

1. d4 d5 2. c4 c6 3. Nf3 Nf6 4. e3 a6 5. a4 Bf5 6. Qb3 Qc7 7. Nc3 e6 8. Bd2 Nbd7 9. Nh4 Bg4 10. h3 Bh5 11. g4 Bg6 12. Nxg6 hxg6 13. g5 Ng8 14. cxd5 cxd5 15. Rc1 Qb6 16. Qxb6 Nxb6 17. a5 Nc8 18. e4 dxe4 19. Nxe4 Nge7 20. Bg2 Nc6 21. Nf6+ Kd8 22. Bxc6 bxc6 23. Ng4 Bd6 24. Rxc6 Kd7 25. Rc3 Ne7 26. Rf3 Nf5 27. Bc3 Rh5 28. Ne5+ Bxe5 29. dxe5 Rhh8 30. Ke2 Rhc8 31. h4 Rc4 32. h5 Rh8 33. Rd1+ Kc6 34. hxg6 fxg6 35. Rdd3 1-0

[Event "4th GRENKE Open 2019"]
[Site "Karlsruhe"]
[Date "2019.04.20"]
[Round "4.41"]
[White "Stark, Lars"]
[Black "Lobron, Eric"]
[Result "0-1"]
[WhiteElo "2362"]
[BlackElo "2508"]
[Annotator "TA"]
[PlyCount "120"]
[EventDate "2019.04.18"]
[EventType "swiss"]
[EventCountry "GER"]
[SourceTitle "playchess.com"]
[Source "ChessBase"]
[SourceQuality "1"]

1. c4 b6 2. d4 e6 3. a3 Bb7 4. Nc3 f5 5. d5 Nf6 6. g3 g6 7. Bg2 Bg7 8. Nf3 O-O 9. O-O Na6 10. Be3 Qe7 11. Nd4 Nc5 12. Ndb5 d6 13. Rb1 a6 14. Nd4 e5 15. Nc6 Qf7 16. b4 Ncd7 17. a4 h5 18. a5 h4 19. axb6 hxg3 20. bxc7 Ng4 21. Nd8 Raxd8 22. cxd8=Q Rxd8 23. h3 Nxe3 24. fxe3 e4 25. Nxe4 Qe7 26. Nxd6 Qxd6 27. c5 Qe5 28. c6 Qxe3+ 29. Kh1 Bc8 30. cxd7 Bxd7 31. Qc1 Qe7 32. Qc5 Qh4 33. Qb6 Kh7 34. e3 Bb5 35. Rf4 Qe7 36. e4 Be5 37. Rf3 f4 38. Rc1 Be2 39. Ra3 Qh4 40. Kg1 Qg5 41. Qb7+ Kh6 42. Rc7 Rh8 43. Rf7 Bb2 44. Qc7 Bxa3 45. Qc3 Rh7 46. Rxh7+ Kxh7 47. Qc7+ Kh6 48. Qc3 Qd8 49. Qxa3 Qb6+ 50. Kh1 Qd4 51. Qc1 Kh5 52. Qg1 Qb2 53. Qa7 Qb1+ 54. Qg1 Qxb4 55. Qa1 Qf8 56. Qe5+ Kh4 57. Qe6 Bh5 58. e5 Qb4 59. Qf6+ g5 60. Bf1 Bf3+ 0-1

[Event "4th GRENKE Open 2019"]
[Site "Karlsruhe"]
[Date "2019.04.20"]
[Round "4.42"]
[White "Malakhatko, Vadim"]
[Black "Ruff, Maximilian"]
[Result "1-0"]
[WhiteElo "2508"]
[BlackElo "2313"]
[Annotator "TA"]
[PlyCount "111"]
[EventDate "2019.04.18"]
[EventType "swiss"]
[EventCountry "GER"]
[SourceTitle "playchess.com"]
[Source "ChessBase"]
[SourceQuality "1"]

1. d4 Nf6 2. Nf3 d5 3. c4 e6 4. Nbd2 Be7 5. g3 O-O 6. Bg2 c5 7. cxd5 exd5 8. dxc5 Bxc5 9. O-O Nc6 10. Nb3 Bb6 11. Nfd4 Re8 12. Be3 Bg4 13. h3 Nxd4 14. Nxd4 Bxd4 15. Qxd4 Bxe2 16. Rfe1 Bb5 17. Bg5 Qb6 18. Bxf6 Qxf6 19. Qxf6 gxf6 20. Bxd5 Ba6 21. b4 Rad8 22. Rxe8+ Rxe8 23. a4 b6 24. a5 Bc8 25. axb6 axb6 26. Bc6 Rd8 27. Ra8 Kg7 28. Kh2 Rf8 29. Rb8 Be6 30. Rxb6 Rd8 31. b5 Rd2 32. Kg2 Bd5+ 33. Bxd5 Rxd5 34. Rb8 h6 35. b6 Rb5 36. Kf3 Rb2 37. Ke3 Kg6 38. Kd4 Kg7 39. Kc3 Rb1 40. Kc4 Rb2 41. Kc5 Rc2+ 42. Kd6 Rd2+ 43. Kc7 Rc2+ 44. Kb7 Rxf2 45. Rc8 Rf3 46. Rc4 f5 47. Kc7 Rxg3 48. b7 Rb3 49. Rc6 Rxb7+ 50. Kxb7 f6 51. Kc7 Kg6 52. Rc4 f4 53. Rxf4 Kg5 54. Rg4+ Kf5 55. Kd6 h5 56. Rb4 1-0

[Event "4th GRENKE Open 2019"]
[Site "Karlsruhe"]
[Date "2019.04.20"]
[Round "4.43"]
[White "Chernov, Vadim"]
[Black "Schneider, Ilja"]
[Result "1/2-1/2"]
[WhiteElo "2345"]
[BlackElo "2504"]
[Annotator "TA"]
[PlyCount "37"]
[EventDate "2019.04.18"]
[EventType "swiss"]
[EventCountry "GER"]
[SourceTitle "playchess.com"]
[Source "ChessBase"]
[SourceQuality "1"]

1. e4 c5 2. Nf3 Nc6 3. Bb5 Nf6 4. Nc3 Qc7 5. O-O Nd4 6. Re1 a6 7. Bc4 e6 8. e5 Ng4 9. Nxd4 Nxe5 10. Nf5 Nxc4 11. Qg4 g6 12. Nd5 Qc6 13. Qxc4 gxf5 14. Qc3 Qxd5 15. Qxh8 b5 16. Qe5 Qxe5 17. Rxe5 Bg7 18. Re3 Kf8 19. d3 1/2-1/2

[Event "4th GRENKE Open 2019"]
[Site "Karlsruhe"]
[Date "2019.04.20"]
[Round "4.44"]
[White "Vasli, Aref"]
[Black "Engel, Luis"]
[Result "1/2-1/2"]
[WhiteElo "2345"]
[BlackElo "2490"]
[Annotator "RC"]
[PlyCount "94"]
[EventDate "2019.04.18"]
[EventType "swiss"]
[EventCountry "GER"]
[SourceTitle "playchess.com"]
[Source "ChessBase"]
[SourceQuality "1"]

1. e4 c5 2. Nf3 d6 3. d4 cxd4 4. Nxd4 Nf6 5. Nc3 a6 6. h3 e5 7. Nde2 h5 8. Bg5 Be6 9. Bxf6 Qxf6 10. Nd5 Qd8 11. Nec3 g6 12. a4 Nc6 13. Bc4 Bh6 14. O-O O-O 15. Qd3 Rc8 16. Rad1 Nb4 17. Qe2 Kg7 18. Bb3 Nc6 19. Qd3 Nd4 20. Ne2 Nxb3 21. Qxb3 Qh4 22. Nec3 Rb8 23. Qb6 Rfd8 24. Nc7 Qe7 25. N3d5 Qd7 26. f4 Bxf4 27. Nxf4 exf4 28. e5 Bxh3 29. Rxf4 Qe7 30. exd6 Qg5 31. Qf2 Rd7 32. Rd5 Bf5 33. c4 b6 34. b4 Qf6 35. Qd4 Qxd4+ 36. Rfxd4 Rc8 37. Rd2 Be6 38. R5d4 Kf6 39. a5 bxa5 40. bxa5 Ke5 41. R4d3 Rcxc7 42. dxc7 Rxc7 43. Re2+ Kf4 44. Rd6 Rxc4 45. Rxa6 Ra4 46. Ra7 g5 47. Rf2+ Ke5 1/2-1/2